علاقة استخدام المراهقات للمدوّنات النّسويّة بمنظومة القيم الاجتماعية والثقافية لديهن / (رقم التسجيلة. 177810)

تفاصيل مارك
000 -LEADER
fixed length control field 05102namaa22004211i 4500
003 - CONTROL NUMBER IDENTIFIER
control field OSt
005 - أخر تعامل مع التسجيلة
control field 20260209140439.0
008 - FIXED-LENGTH DATA ELEMENTS--GENERAL INFORMATION
fixed length control field 250827s2024 ua a|||frm||| 000 0 eng d
040 ## - CATALOGING SOURCE
Original cataloguing agency EG-GICUC
Language of cataloging ara
Transcribing agency EG-GICUC
Modifying agency EG-GICUC
Description conventions rda
041 0# - LANGUAGE CODE
Language code of text/sound track or separate title ara
Language code of summary or abstract ara
-- eng
049 ## - Acquisition Source
Acquisition Source إيداع
082 04 - DEWEY DECIMAL CLASSIFICATION NUMBER
Classification number 302.231
092 ## - LOCALLY ASSIGNED DEWEY CALL NUMBER (OCLC)
Classification number 302.231
Edition number 21
097 ## - Degree
Degree مــــاجستير
099 ## - LOCAL FREE-TEXT CALL NUMBER (OCLC)
Local Call Number Cai01.15.01.M.Sc.2024.سم.ع
100 0# - MAIN ENTRY--PERSONAL NAME
Authority record control number or standard number ،سمر مُحمّد أحمد أبوشويكة
Preparation إعداد.
245 10 - TITLE STATEMENT
Title علاقة استخدام المراهقات للمدوّنات النّسويّة بمنظومة القيم الاجتماعية والثقافية لديهن /
Statement of responsibility, etc. إعداد سمر مُحمّد أحمد أبوشويكة؛ إشراف أ.د/ عادل فهمي.
246 15 - VARYING FORM OF TITLE
Title proper/short title The relationship between the female teenager use of the blogs of the female bloggers and its effect on the social and cultural values of the female teenagers /
264 #0 - PRODUCTION, PUBLICATION, DISTRIBUTION, MANUFACTURE, AND COPYRIGHT NOTICE
Date of production, publication, distribution, manufacture, or copyright notice 2024.
300 ## - PHYSICAL DESCRIPTION
Extent 247 صفحة :
Other physical details إيضاحيات ؛
Dimensions 30 سم +
Accompanying material CD.
336 ## - CONTENT TYPE
Content type term text
Source rda content
337 ## - MEDIA TYPE
Media type term Unmediated
Source rdamedia
338 ## - CARRIER TYPE
Carrier type term volume
Source rdacarrier
502 ## - DISSERTATION NOTE
Dissertation note أطروحة (ماجستير)-جامعة القاهرة، 2024.
504 ## - BIBLIOGRAPHY, ETC. NOTE
Bibliography, etc. note ببليوجرافيا: صفحات 207-219.
520 ## - SUMMARY, ETC.
Summary, etc. هدفت الدراسة إلى التعرف على محتوى المدونات النسوية ( اى المحتوى الخاص بالمدوِنات او صانعات المحتوى والمؤثرات على مواقع التواصل الاجتماعى) و رصد الشكل الذى يتم استخدامه لنشر المدونات النسوية على مواقع التواصل الإجتماعى (شكل كتابى او مسموع او فى شكل فيديو) وتحليل الاستمالات التى يتم توظيفها لتشكيل إتجاهات المراهقات نحو مختلف والتى يمكن أن يكون لها تأثير على القيم الإجتماعية والثقافية لديهم، أيضا رصد اللغة المستخدمة فى المدونات النسوية، ورصد الخلفية الثقافية والفئه العمرية للمدونين أصحاب المدونات النسوية، كما هدفت إلى رصد نوعية المدونات النسوية التى تقوم المراهقات بمتابعتهن على مواقع التواصل الإجتماعى والاشباعات المتحققة، والتعرف على مدى إستخدام المراهقات للمدونات النسوية على مواقع التواصل الإجتماعى، كذلك رصد مواقع التواصل الإجتماعى المستخدمه لنشر المدونات النسوية ومدى إقبال المراهقات علي هذه المواقع، وتحليل مدى تأثير العوامل الديموغرافية والإجتماعية والإقتصادية والثقافية على متابعة المراهقات للمدونات النسوية، ورصد القيم الإجتماعية المكتسبة من إستخدام المراهقات للمدونات النسوية، وأخيراً رصد القيم الثقافية المكتسبة من إستخدام المراهقات للمدونات النسوية.
520 ## - SUMMARY, ETC.
Summary, etc. The Study aims at identifying the content of women's blogs (Any content of blogs or creators of content and effects on social media sites) Monitor the format used to post women's blogs on social media (written, audible or video form) and analysis of the forms used to shape adolescent girls' attitudes towards different that can have an impact on their social and cultural values Monitoring of the language used in women's blogs and monitoring of the cultural background and age group of women's bloggers and aimed at monitoring the quality of women's blogs followed by adolescent girls on social networking sites and realized sightseeing; Learn about adolescent girls' use of women's blogs on social media and monitoring the social networking sites used to disseminate women's blogs and the extent to which adolescent girls are accustomed to these sites; Analysis of the impact of demographic, social, economic and cultural factors on adolescent girls' follow-up to women's codes and monitoring the social values gained from adolescent women's use of women's blogs, and finally monitoring the cultural values gained from adolescent women's use of women's blogs
530 ## - ADDITIONAL PHYSICAL FORM AVAILABLE NOTE
Issues CD صدر أيضًا كقرص مدمج.
546 ## - LANGUAGE NOTE
Text Language النص بالعربية والملخص باللغة الإنجليزية والعربية.
650 #7 - SUBJECT ADDED ENTRY--TOPICAL TERM
Topical term or geographic name entry element الانترنت
Source of heading or term qrmak
650 #7 - SUBJECT ADDED ENTRY--TOPICAL TERM
Topical term or geographic name entry element وسائل التواصل الاجتماعى
653 #0 - INDEX TERM--UNCONTROLLED
Uncontrolled term المراهقات
-- المدونات
-- المدونات النسوية
700 0# - ADDED ENTRY--PERSONAL NAME
Personal name عادل فهمي
Relator term مشرف أطروحة.
900 ## - Thesis Information
Grant date 17-11-2024
Supervisory body عادل فهمي
Universities جامعة القاهرة
Faculties كلية الإعلام
Department قسم الاذاعة والتلفزيون
905 ## - Cataloger and Reviser Names
Cataloger Name Sara Salah
Reviser Names Afaf
942 ## - ADDED ENTRY ELEMENTS (KOHA)
Source of classification or shelving scheme Dewey Decimal Classification
Koha item type Thesis
Edition 21
Suppress in OPAC No
المقتنيات
Source of classification or shelving scheme Home library Current library Date acquired Inventory number Full call number Barcode Date last seen Effective from Koha item type
Dewey Decimal Classification المكتبة المركزبة الجديدة - جامعة القاهرة قاعة الرسائل الجامعية - الدور الاول 18.01.2026 32896 Cai01.15.01.M.Sc.2024.سم.ع 01010100032896000 18.01.2026 18.01.2026 Thesis
Cairo University Libraries Portal Implemented & Customized by: Eng. M. Mohamady Contacts: new-lib@cl.cu.edu.eg | cnul@cl.cu.edu.eg
CUCL logo CNUL logo
© All rights reserved — Cairo University Libraries
CUCL logo
Implemented & Customized by: Eng. M. Mohamady Contact: new-lib@cl.cu.edu.eg © All rights reserved — New Central Library
CNUL logo
Implemented & Customized by: Eng. M. Mohamady Contact: cnul@cl.cu.edu.eg © All rights reserved — Cairo National University Library